Lataa...

The political systems of the socialist states: an introduction to Marxist Leninist regimes

Bibliografiset tiedot
Päätekijä: Furtak, Robert K
Aineistotyyppi: Printed Book
Kieli:English
Julkaistu: Great Britain, Wheat sheaf books 1986
Aiheet:
LEADER 006090000a22001930004500
015 |a M 
020 |a 0-7450-0048-7 
041 |a eng 
082 |a 320.917 19 M6 
100 |a Furtak, Robert K 
245 |a The political systems of the socialist states: an introduction to Marxist Leninist regimes 
260 |a Great Britain, Wheat sheaf books 
260 |c 1986 
650 |a Communist states 
650 |a Leninism 
650 |a Marxism 
942 |c BK 
999 |c 138357  |d 138353 
952 |0 0  |1 0  |4 0  |6 320_917000000000000_19_M6  |7 0  |9 137139  |a SIRP  |b SIRP  |d 2017-10-05  |l 0  |o 320.917 19 M6  |p SIRP01885  |r 2017-10-05  |w 2017-10-05  |y BK